| 000 | 00000nam 2200000zi 4500 |
| 001 | 9.940612 |
| 003 | CaOODSP |
| 005 | 20250106125308 |
| 006 | m o d f |
| 007 | cr mn||||||||| |
| 008 | 240716e197711##onc ob f000 0 eng d |
| 040 | |aCaOODSP|beng|erda|cCaOODSP |
| 043 | |an-cnm-- |
| 045 | |ax5x7 |
| 086 | 1 |aId35-19/1977E-PDF |
| 100 | 1 |aTompkins, J. G., |eauthor. |
| 245 | 14|aThe Irish moss industry in the Maritimes : |ba synoptic review / |cby J.G. Tompkins. |
| 264 | 1|aOttawa, Ontario : |bFisheries and Fish Products Division, Agriculture, Fisheries and Food Products Branch, the Department of Industry, Trade and Commerce, |cNovember 1977. |
| 300 | |a1 online resource (21 pages) |
| 336 | |atext|btxt|2rdacontent |
| 337 | |acomputer|bc|2rdamedia |
| 338 | |aonline resource|bcr|2rdacarrier |
| 500 | |aIssued also in French under title: L'industrie de la mousse d'Irlande dans les provinces maritimes : étude synoptique. |
| 500 | |aDigitized edition from print [produced by Innovation, Science and Economic Development Canada]. |
| 504 | |aIncludes bibliographical references. |
| 650 | 0|aChondrus crispus|xEconomic aspects|zMaritime Provinces. |
| 650 | 0|aMarine algae industry|zMaritime Provinces. |
| 710 | 1 |aCanada. |bDepartment of Industry, Trade and Commerce. |bAgriculture, Fisheries and Food Products Branch, |eissuing body. |
| 775 | 08|tL'industrie de la mousse d'Irlande dans les provinces maritimes : |w(CaOODSP)9.946526 |
| 856 | 40|qPDF|s571 KB|uhttps://publications.gc.ca/collections/collection_2025/isde-ised/Id35-19-1977-eng.pdf |